Mociones de censura en España - Estadísticas

Estadísticas generales
  • Esta prueba ha sido intentada 18 veces
  • La puntuación promedio es 4 de 6
Estadísticas de respuestas
Año Presidente Candidato % Correcto
2018 Mariano Rajoy Pedro Sánchez
100%
2020 Pedro Sánchez Santiago Abascal
82%
2017 Mariano Rajoy Pablo Iglesias
71%
1980 Adolfo Suárez Felipe González
59%
2023 Pedro Sánchez Ramón Tamames
53%
1987 Felipe González Antonio Hernández Mancha
35%
No se encontraron pruebas coincidentes
Distribución de puntuación
Porcentaje de gente con cada puntuación
Porcentaje por número respondido
Historial de tus puntuaciones
No has intentado esta prueba.